<?xml version="1.0" encoding="UTF-8"?>
<record
    xmlns:xsi="http://www.w3.org/2001/XMLSchema-instance"
    xsi:schemaLocation="http://www.loc.gov/MARC21/slim http://www.loc.gov/standards/marcxml/schema/MARC21slim.xsd"
    xmlns="http://www.loc.gov/MARC21/slim">

  <leader>01475nam a2200253 a 4500</leader>
  <controlfield tag="001">ASIN0230120881</controlfield>
  <controlfield tag="005">20170105102926.0</controlfield>
  <controlfield tag="008">131212s2011    xxu                 eng d</controlfield>
  <datafield tag="020" ind1=" " ind2=" ">
    <subfield code="a">0230120881 (hardcover)</subfield>
    <subfield code="c">$90.00</subfield>
  </datafield>
  <datafield tag="020" ind1=" " ind2=" ">
    <subfield code="a">9780230120884 (hardcover)</subfield>
  </datafield>
  <datafield tag="040" ind1=" " ind2=" ">
    <subfield code="a">0</subfield>
  </datafield>
  <datafield tag="050" ind1="0" ind2="4">
    <subfield code="a">JZ1316</subfield>
  </datafield>
  <datafield tag="082" ind1="0" ind2="4">
    <subfield code="a">320.1</subfield>
    <subfield code="b">CAR 2012</subfield>
  </datafield>
  <datafield tag="100" ind1="1" ind2=" ">
    <subfield code="a">Carlson, Jon D.</subfield>
  </datafield>
  <datafield tag="245" ind1="1" ind2="0">
    <subfield code="a">Myths, state expansion, and the birth of globalization :</subfield>
    <subfield code="b">a comparative perspective /</subfield>
    <subfield code="c">Jon D. Carlson.</subfield>
  </datafield>
  <datafield tag="260" ind1=" " ind2=" ">
    <subfield code="a">[S.l.] :</subfield>
    <subfield code="b">Palgrave Macmillan,</subfield>
    <subfield code="c">2011.</subfield>
  </datafield>
  <datafield tag="300" ind1=" " ind2=" ">
    <subfield code="a">252 p. ;</subfield>
    <subfield code="c">22 cm.</subfield>
  </datafield>
  <datafield tag="520" ind1=" " ind2=" ">
    <subfield code="a">Myths are important, yet overlooked. Myths, dreams, desires and false information prime the pump of imperial expansion, which explains how new regions of the world get absorbed into the expanding world system. This book explores the role that information plays in the expansion of the state system. High risk, high return behavior subsidizes later 'rational' strategies. The Northwest Passage, Prester John, West African rivers of gold, and Marco Polo's silver-roofed land of Zipangu all provide examples. Not merely an artifact of history, accurate information acquisition and dissemination continues to be relevant, as myths still drive markets and political decision-making.</subfield>
  </datafield>
  <datafield tag="650" ind1=" " ind2="0">
    <subfield code="a">Imperialism</subfield>
  </datafield>
  <datafield tag="650" ind1=" " ind2="0">
    <subfield code="a">Nation-state and globalization</subfield>
  </datafield>
  <datafield tag="650" ind1=" " ind2="0">
    <subfield code="a">State, The</subfield>
  </datafield>
  <datafield tag="856" ind1="4" ind2="0">
    <subfield code="3">Amazon.com</subfield>
    <subfield code="u">http://www.amazon.com/exec/obidos/ASIN/0230120881/chopaconline-20</subfield>
  </datafield>
  <datafield tag="942" ind1=" " ind2=" ">
    <subfield code="2">ddc</subfield>
    <subfield code="c">BK</subfield>
  </datafield>
  <datafield tag="999" ind1=" " ind2=" ">
    <subfield code="c">15830</subfield>
    <subfield code="d">15830</subfield>
  </datafield>
  <datafield tag="952" ind1=" " ind2=" ">
    <subfield code="0">0</subfield>
    <subfield code="1">0</subfield>
    <subfield code="4">0</subfield>
    <subfield code="7">0</subfield>
    <subfield code="8">NFIC</subfield>
    <subfield code="a">CIPS</subfield>
    <subfield code="b">CIPS</subfield>
    <subfield code="c">GEN</subfield>
    <subfield code="d">2013-10-02</subfield>
    <subfield code="l">0</subfield>
    <subfield code="o">320.1 CAR 2012</subfield>
    <subfield code="p">CIPS0001961</subfield>
    <subfield code="r">2013-12-12</subfield>
    <subfield code="w">2013-12-12</subfield>
    <subfield code="y">BK</subfield>
  </datafield>
</record>
